00425nam a2200169Ia 4500003000400000005001700004008004000021020001500061040000700076041000800083082001800091100001900109245003400128260005900162300001200221700002200233OSt20220922151422.0210210b2008 xxu||||| |||| 00| 0 eng d a8184046502 cAL aeng a001.6443 GROF aGROVER (Chris) aFlash CS4: the missing manual aMumbaibShroff Publishers & Distributors Pvt Ltdc2008 axvi,750 aVEER (E A Vander)